Devine la marque grace au logo #1 - Statistiques

Statistiques générales
  • Ce quiz a été pris 365 fois
  • Le résultat moyen est 6 sur 12
Statistiques - réponses
Par images Réponse % Correct
Chanel
96%
Yves saint laurent
96%
Hermes
88%
Dior
60%
Versace
58%
Fendi
56%
Givenchy
38%
Valentino
37%
Loewe
18%
Cèline
17%
Cartier
12%
Guerlain
10%
Aucun quiz correspondant
Distribution des résultats
% des personnes avec chaque résultat
Percentile par nombre de réponses
Votre historique - résultats
Vous n’avez pas pris ce quiz